01289nam a22002777a 45000010005000000030006000050050017000110080041000280200018000690400029000870500014001160820010001301000020001402450112001602500033002722600038003053000051003434900026003945050008004205200459004285210020008875210022009076500024009297000030009537000028009838858FISKH20251023123931.0251023b cb ||||| |||| 00| 0 eng d a9780439885171 aFISKHbengcFISKHdFISKH aPZ7.T45 C a741.5 aMartin, Ann M. aThe baby-sitters club :bClaudia and men Janine / cBy Ann M. Martin : A graphic novel by Raina Telgemeier aFirst edition, November 2008 aNew York : bScholastic , c2008. a161 pages : bcolor illustrations ; c23 cm .  aThe baby-sitters club aZ  a"Claudia and her sister, Janine, may as well be from two different planets. Claudia, who pays more attention to her artwork and The Baby-sitters Club than her homework, feels like she can't compete with her perfect sister. Janine studies nonstop, gets straight As, and even takes college-level courses! But when something unexpected happens to the most beloved person in their family, will the sisters be able to put aside their differences?"--Publisher.8 a910 bLexile 8 aZ bRaz-Plus  aFriendshipvFiction aLevithan, David eEditor  aKeenan, SheilaeEditor